| 000 | 00423nam a22001457a 4500 | ||
|---|---|---|---|
| 008 | 230216b |||||||| |||| 00| 0 eng d | ||
| 020 | _a978-938-2219-16-3 | ||
| 082 |
_226th ed. _a928 PAR |
||
| 100 | _aK.Park | ||
| 245 |
_aPark's textbook of preventive and social medicine. _cK. Park |
||
| 250 | _a26th ed. | ||
| 260 |
_aMadhya Pradesh : _bBanarsidas Bhanot Publishers, _c2021. |
||
| 300 |
_a1032 p. _c30 cm. |
||
| 942 | _2ddc | ||
| 999 |
_c10184 _d10185 |
||